[Event "Mittelfranken-chTB2b 1819"]
[Site "Mittelfranken"]
[Date "2018.11.04"]
[Round "2.1"]
[White "Boehme, Markus"]
[Black "Hetzner, Helmut"]
[Result "1-0"]
[WhiteElo "2088"]
[BlackElo "1873"]
[PlyCount "107"]
[EventDate "2018.10.14"]
[EventType "team-tourn"]
[EventRounds "9"]
[EventCountry "GER"]
[SourceTitle "EXT 2022"]
[Source "ChessBase"]
[SourceDate "2021.10.06"]
[SourceVersion "1"]
[SourceVersionDate "2021.10.06"]
[SourceQuality "1"]
[WhiteTeam "Uttenreuth"]
[BlackTeam "Muehlhof/Schwabach II"]
[WhiteTeamCountry "GER"]
[BlackTeamCountry "GER"]

1. e4 e6 2. d4 d5 3. Nc3 Nf6 4. e5 Nfd7 5. f4 c5 6. Nf3 Nc6 7. Be3 a6 8. Ne2 b5 9. c3 Be7 10. g3 0-0 11. Bh3 c4 12. 0-0 Nb6 13. g4 f5 14. exf6 gxf6 15. Kh1 Kh8 16. f5 Bd6 17. fxe6 Bxe6 18. Nh4 Qc7 19. Bf4 Rae8 20. Qd2 Nc8 21. Rae1 Qd7 22. Bh6 Rf7 23. Nf4 Bxf4 24. Qxf4 Nd6 25. Nf5 Bxf5 26. gxf5 Rfe7 27. Re6 Ne4 28. Qh4 Rf7 29. Bg4 Nd8 30. Rxe8+ Qxe8 31. Bh5 Qd7 32. Bxf7 Nxf7 33. Be3 a5 34. Qf4 Qc8 35. Rg1 Nfg5 36. Qg4 Qf8 37. h4 Nf7 38. Kh2 Ned6 39. h5 b4 40. Bf4 Ne4 41. Qh3 bxc3 42. bxc3 Qa3 43. Qg2 Nfg5 44. Rb1 Qxc3 45. h6 Kg8 46. Bxg5 fxg5 47. Rb7 Qxd4 48. Qf3 c3 49. Rb8+ Kf7 50. Rb7+ Kf6 51. Rxh7 Qd2+ 52. Kh3 Nf2+ 53. Kg3 g4 54. Qxf2 1-0

[Event "Mittelfranken-chTB2b 1213"]
[Site "Germany"]
[Date "2013.03.10"]
[Round "9.8"]
[White "Hetzner, Helmut"]
[Black "Mueller, Maximilian1111"]
[Result "0-1"]
[WhiteElo "1802"]
[BlackElo "1797"]
[PlyCount "98"]
[EventDate "2012.10.07"]
[EventType "team-tourn"]
[EventRounds "9"]
[EventCountry "GER"]
[SourceTitle "EXT 2019"]
[Source "ChessBase"]
[SourceDate "2018.10.10"]
[SourceVersion "1"]
[SourceVersionDate "2018.10.10"]
[SourceQuality "1"]
[WhiteTeam "Muehlhof/Schwabach"]
[BlackTeam "Buechenbach/Roth II"]
[WhiteTeamCountry "GER"]
[BlackTeamCountry "GER"]

1. e4 e5 2. Nf3 Nc6 3. Bc4 Bc5 4. c3 Nf6 5. d4 exd4 6. e5 Ng4 7. cxd4 Bb4+ 8. Nc3 d5 9. Bb5 h5 10. h3 Nh6 11. Bg5 f6 12. Bxc6+ bxc6 13. exf6 gxf6 14. Qe2+ Kf8 15. Bf4 Nf5 16. 0-0 Nd6 17. Nh4 Kf7 18. Qf3 Nf5 19. Nxf5 Bxf5 20. Bxc7 Qd7 21. Bh2 Rag8 22. Kh1 Rg5 23. a3 Ba5 24. Rg1 Bg4 25. Qd3 Bc7 26. f4 Bf5 27. Qf3 Qd6 28. Raf1 Rg6 29. Rf2 Bb6 30. Rd2 Ba5 31. b4 Bc7 32. g4 hxg4 33. hxg4 Bc8 34. Rf2 Rgh6 35. Ne2 a5 36. bxa5 Bxa5 37. g5 Rh4 38. Ng3 Bg4 39. Qd3 Qxf4 40. g6+ Kg7 41. Rgg2 Qc1+ 42. Rf1 Qh6 43. Rff2 Bc7 44. Kg1 Bh3 45. Nf5+ Bxf5 46. Qxf5 Bxh2+ 47. Rxh2 Qc1+ 48. Rf1 Qe3+ 49. Rff2 Qe1+ 0-1

[Event "Mittelfranken-chTB2b 1011"]
[Site "Germany"]
[Date "2011.03.13"]
[Round "7.8"]
[White "Scharf, Manfred"]
[Black "Hetzner, Helmut"]
[Result "0-1"]
[WhiteElo "1477"]
[BlackElo "1787"]
[PlyCount "64"]
[EventDate "2010.09.26"]
[EventType "team-tourn"]
[EventRounds "9"]
[EventCountry "GER"]
[SourceTitle "EXT 2012"]
[Source "ChessBase"]
[SourceDate "2011.11.24"]
[SourceVersion "1"]
[SourceVersionDate "2011.11.24"]
[SourceQuality "1"]
[WhiteTeam "Schwanstetten"]
[BlackTeam "Muehlhof/Schwabach"]
[WhiteTeamCountry "GER"]
[BlackTeamCountry "GER"]

1. e4 e6 2. d4 d5 3. exd5 exd5 4. Nf3 Nf6 5. Be2 h6 6. 0-0 Bd6 7. Re1 0-0 8. Nbd2 Bf5 9. Ne5 Nbd7 10. f4 Ne4 11. Bg4 Bxg4 12. Qxg4 Ndf6 13. Qf3 c5 14. c3 Qb6 15. Nb3 c4 16. Nd2 Nxd2 17. Bxd2 Qxb2 18. Red1 Ne4 19. Be1 b6 20. Rdb1 Qc2 21. Rb5 Nf6 22. Bh4 a6 23. Rxb6 Bxe5 24. fxe5 Ne4 25. Be1 Rfb8 26. Rab1 Qxb1 27. Rxb1 Rxb1 28. Qe3 Rab8 29. h3 Rd1 30. Kh2 Rbb1 31. g4 Rxe1 32. Qf3 Rb2+ 0-1

[Event "Mittelfranken-chTB2b 1011"]
[Site "Germany"]
[Date "2010.12.05"]
[Round "4.7"]
[White "Ross, Sandra"]
[Black "Hetzner, Helmut"]
[Result "1-0"]
[WhiteElo "1721"]
[BlackElo "1787"]
[PlyCount "69"]
[EventDate "2010.09.26"]
[EventType "team-tourn"]
[EventRounds "9"]
[EventCountry "GER"]
[SourceTitle "EXT 2012"]
[Source "ChessBase"]
[SourceDate "2011.11.24"]
[SourceVersion "1"]
[SourceVersionDate "2011.11.24"]
[SourceQuality "1"]
[WhiteTeam "Buechenbach/Roth II"]
[BlackTeam "Muehlhof/Schwabach"]
[WhiteTeamCountry "GER"]
[BlackTeamCountry "GER"]

1. e4 e5 2. Nf3 Nc6 3. Bb5 a6 4. Ba4 Nf6 5. 0-0 b5 6. Bb3 Be7 7. Re1 d6 8. c3 Bg4 9. h3 Bh5 10. d3 0-0 11. Nbd2 Na5 12. Bc2 c5 13. Nf1 Qc7 14. Ng3 Bg6 15. Nh4 Rfd8 16. f4 Ne8 17. Nxg6 hxg6 18. Qf3 f6 19. Be3 Rab8 20. Rac1 c4 21. d4 Nc6 22. d5 Na5 23. Qg4 Kh7 24. h4 Bf8 25. h5 Qf7 26. Kf2 gxh5 27. Nxh5 g6 28. Rh1 Bh6 29. Ng3 Ng7 30. Rxh6+ Kxh6 31. Rh1+ Nh5 32. f5+ g5 33. Nxh5 b4 34. Nxf6+ Kg7 35. Rh7+ 1-0

[Event "Mittelfrankenliga-B1 0607"]
[Site "Mittelfranken"]
[Date "2007.03.11"]
[Round "7.5"]
[White "Hetzner, Helmut"]
[Black "Schatz, Werner1111"]
[Result "1-0"]
[WhiteElo "1876"]
[BlackElo "1972"]
[PlyCount "105"]
[EventDate "2006.10.22"]
[EventType "team-tourn"]
[EventRounds "9"]
[EventCountry "GER"]
[SourceTitle "EXT 2011"]
[Source "ChessBase"]
[SourceDate "2010.11.26"]
[SourceVersion "1"]
[SourceVersionDate "2010.11.26"]
[SourceQuality "1"]
[WhiteTeam "Schwabach"]
[BlackTeam "Fuerth SZ"]
[WhiteTeamCountry "GER"]
[BlackTeamCountry "GER"]

1. e4 d6 2. d4 Nf6 3. Nc3 g6 4. f4 Bg7 5. Nf3 0-0 6. Be3 b6 7. Qd2 c5 8. d5 a6 9. a4 Bg4 10. Be2 e6 11. h3 Bxf3 12. Bxf3 exd5 13. Nxd5 Nxd5 14. Qxd5 Bxb2 15. Rd1 Ra7 16. 0-0 Qc7 17. Qxd6 Nc6 18. Qxc7 Rxc7 19. Rb1 Bd4 20. Bxd4 Nxd4 21. Rxb6 Nxc2 22. Rxa6 Rd8 23. Rc1 Nd4 24. Rc4 Nxf3+ 25. gxf3 Rd2 26. Ra5 Ra2 27. Raxc5 Rxc5 28. Rxc5 Rxa4 29. Kg2 Ra2+ 30. Kg3 Kg7 31. f5 g5 32. e5 Ra7 33. h4 Kh6 34. Rc6+ Kh5 35. hxg5 Kxg5 36. Rf6 Rb7 37. f4+ Kh5 38. e6 fxe6 39. fxe6 Rb3+ 40. Kf2 Rb8 41. Rf7 Re8 42. f5 Kg5 43. Kf3 h5 44. Ke4 Ra8 45. Rg7+ Kf6 46. Rg6+ Ke7 47. Kf4 Ra4+ 48. Kg5 Ra8 49. Kxh5 Kd6 50. Rg7 Ke5 51. Kg6 Rf8 52. Rf7 Rg8+ 53. Kh7 1-0

[Event "Mittelfrankenliga-B1 0607"]
[Site "Mittelfranken"]
[Date "2006.12.03"]
[Round "3.5"]
[White "Hetzner, Helmut"]
[Black "Konsek, Peter"]
[Result "0-1"]
[WhiteElo "1876"]
[BlackElo "1988"]
[PlyCount "88"]
[EventDate "2006.10.22"]
[EventType "team-tourn"]
[EventRounds "9"]
[EventCountry "GER"]
[SourceTitle "EXT 2011"]
[Source "ChessBase"]
[SourceDate "2010.11.26"]
[SourceVersion "1"]
[SourceVersionDate "2010.11.26"]
[SourceQuality "1"]
[WhiteTeam "Schwabach"]
[BlackTeam "Nuernberg Sued SW II"]
[WhiteTeamCountry "GER"]
[BlackTeamCountry "GER"]

1. e4 c5 2. Nf3 Nc6 3. d4 cxd4 4. Nxd4 Nf6 5. Nc3 e5 6. Ndb5 d6 7. a4 a6 8. Na3 Be7 9. Bc4 Be6 10. f3 0-0 11. Be3 Nb4 12. Qe2 Rc8 13. 0-0 Bxc4 14. Nxc4 Nxc2 15. Bb6 Qe8 16. Rad1 Qc6 17. b3 Nb4 18. Rd2 d5 19. Nxd5 Nfxd5 20. exd5 Nxd5 21. Bf2 f6 22. Qe4 Rfd8 23. Rfd1 Nc3 24. Qxc6 bxc6 25. Rxd8+ Rxd8 26. Rxd8+ Bxd8 27. Be1 Ne2+ 28. Kf2 Nc1 29. Ba5 Be7 30. Nd2 Kf7 31. Ke3 Bc5+ 32. Ke4 Ke6 33. g4 g6 34. f4 f5+ 35. Kf3 e4+ 36. Kg3 e3 37. Nf3 Nxb3 38. Bc3 Kd5 39. Ne5 Bd4 40. Bxd4 Nxd4 41. Nd7 Kc4 42. h4 Kd3 43. Ne5+ Ke4 44. h5 Ne2+ 0-1

[Event "Mittelfrankenliga-B2b 0506"]
[Site "Germany"]
[Date "2005.12.04"]
[Round "3.1"]
[White "Hetzner, Helmut"]
[Black "Muenster, Erich"]
[Result "0-1"]
[WhiteElo "1934"]
[BlackElo "2024"]
[PlyCount "74"]
[EventDate "2005.10.16"]
[EventType "team"]
[EventRounds "9"]
[EventCountry "GER"]
[SourceTitle "EXT 2007"]
[Source "ChessBase"]
[SourceDate "2006.11.23"]
[SourceVersion "1"]
[SourceVersionDate "2006.11.23"]
[SourceQuality "1"]

1. e4 Nc6 2. Nf3 e5 3. Bb5 Bc5 4. c3 d5 5. Nxe5 Qg5 6. d4 Qxg2 7. Qf3 Qxf3 8. Nxf3 dxe4 9. Ne5 Bd6 10. Nxc6 Bd7 11. d5 bxc6 12. dxc6 Be6 13. Be3 a6 14. Ba4 Ne7 15. Nd2 f5 16. Bd4 Kf7 17. c4 Rhd8 18. Bc3 Bf4 19. b3 Rd3 20. Ba5 Rad8 21. Nf1 Ng6 22. Ng3 Nh4 23. 0-0 Nf3+ 24. Kh1 h5 25. h3 Be5 26. Rac1 h4 27. Ne2 Nh2 28. Bc3 Bxc3 29. Kxh2 Be5+ 30. Kg2 f4 31. f3 Rd2 32. Rce1 e3 33. Kh1 Rxa2 34. Nc1 Rb2 35. Rd1 e2 36. Nxe2 Rxd1 37. Rxd1 Rxe2 0-1

[Event "Regionalliga NO 0405"]
[Site "Bayern"]
[Date "2005.03.13"]
[Round "8.8"]
[White "Frank, Gerhard"]
[Black "Hetzner, Helmut"]
[Result "1/2-1/2"]
[WhiteElo "1797"]
[BlackElo "1944"]
[PlyCount "39"]
[EventDate "2004.10.24"]
[EventType "team-tourn"]
[EventRounds "9"]
[EventCountry "GER"]
[SourceTitle "EXT 2007"]
[Source "ChessBase"]
[SourceDate "2006.11.23"]
[SourceVersion "1"]
[SourceVersionDate "2006.11.23"]
[SourceQuality "1"]
[WhiteTeam "Gunzenhausen"]
[BlackTeam "Schwabach"]
[WhiteTeamCountry "GER"]
[BlackTeamCountry "GER"]

1. d4 Nf6 2. Nf3 e6 3. Bg5 c5 4. Nbd2 Nc6 5. e3 Be7 6. c3 d5 7. Bd3 Bd7 8. 0-0 h6 9. Bxf6 gxf6 10. e4 dxe4 11. Nxe4 cxd4 12. cxd4 Qb6 13. Be2 h5 14. Nc3 Qxb2 15. Nb5 0-0 16. a4 Rad8 17. Rb1 Qa2 18. Nc3 Qa3 19. Nb5 Qa2 20. Nc3 1/2-1/2